000 00944nam a2200289 i 4500
001 bg
100 0 _aPlato
_d(427-347 a.C.)
245 1 0 _aPaństwo /
_cPlaton ; przeł., wstępem i komentarzem opatrzył Władysław Witwicki.
246 1 _iTyt. oryg. :
_aPoliteia
250 _aWyd. na podst.: Platon "Państwo, prawa", 2001
260 _aKęty :
_bWydawnictwo Antyk,
_c2003.
300 _a338 s. ;
_c24 cm.
490 1 _aBiblioteka Europejska
650 9 _aPaństwo
_xfilozofia
_y5-4 w. p.n.e.
650 9 _aPrawo
_xfilozofia
_y5-4 w. p.n.e.
700 1 _aWitwicki, Władysław
_d(1878-1948).
_eTł.
830 0 _aBiblioteka Europejska - Antyk
020 _a9788388524806
040 _cBPK
041 1 _apol
_hgre
044 _aPOL
080 _a141:[321.01:340.12]"-04/-03"
920 _a83-88524-80-1
942 _cKS
008 s pl f |000 0 pol
999 _c54950
_d54950
856 _uhttp://koha.tu.koszalin.pl/cgi-bin/koha/opac-detail.pl?biblionumber=54950
_yKatalog online BPK